LEADER 00963cam0-2200325---450- 001 990005064980403321 005 20100326110349.0 010 $a0-691-05182-8 035 $a000506498 035 $aFED01000506498 035 $a(Aleph)000506498FED01 035 $a000506498 100 $a19990604d1970----km-y0itay50------ba 101 0 $aeng 102 $aUS 105 $ay-------001yy 200 1 $aHermogenes and the Renaissance$eseven ideas of style$fAnnabel M. Patterson 210 $aPrinceton, New Jersey$cPrinceton University Press$d1970 215 $aXV, 240 p.$d22 cm 610 0 $aLetteratura$aEuropa$aRinascimento 610 0 $aRetorica$aRinascimento 676 $a809.031 700 1$aPatterson,$bAnnabel M.$0132011 801 0$aIT$bUNINA$gRICA$2UNIMARC 901 $aBK 912 $a990005064980403321 952 $a809.031 PAT 1$bFil.Mod. 19755$fFLFBC 959 $aFLFBC 996 $aHermogenes and the Renaissance$9532180 997 $aUNINA LEADER 01053nam--2200373---450- 001 990003548590203316 005 20110708103148.0 010 $a0-85668-178-4 035 $a000354859 035 $aUSA01000354859 035 $a(ALEPH)000354859USA01 035 $a000354859 100 $a20110708h1997----km-y0itay50------ba 101 1 $aeng$cgrc 102 $aGB 105 $a||||||||001yy 200 1 $aKnights$fedited with translation and notes by Alan H. Sommerstein 210 $awarminster$cAris & Phillips$d1997 215 $aIX,220 p.$d22 cm 225 2 $a<> comedies of Aristophanes$v2 300 $aTesto orig. a fronte 410 0$12001$a<> comedies of Aristophanes$v2 600 1$aCommedia greca$2BNCF 676 $a882.01 700 $aARISTOPHANES$0160835 702 1$aSOMMERSTEIN,$bAlan H. 801 0$aIT$bsalbc$gISBD 912 $a990003548590203316 951 $aFG 26,17$b8652 DSA 959 $aBK 969 $aDSA 979 $aDSA$b90$c20110708$lUSA01$h1031 996 $aKnights$9157536 997 $aUNISA